<?xml version="1.0" encoding="UTF-8"?>
<record
    xmlns:xsi="http://www.w3.org/2001/XMLSchema-instance"
    xsi:schemaLocation="http://www.loc.gov/MARC21/slim http://www.loc.gov/standards/marcxml/schema/MARC21slim.xsd"
    xmlns="http://www.loc.gov/MARC21/slim">

  <leader>01591nam a2200325 a 4500</leader>
  <controlfield tag="003">CO-ViMGA</controlfield>
  <controlfield tag="005">20230915233552.0</controlfield>
  <controlfield tag="008">071127s2008    ck a   jr     0001jdspa d</controlfield>
  <datafield tag="015" ind1=" " ind2=" ">
    <subfield code="a">ck-2008-xxxx</subfield>
  </datafield>
  <datafield tag="020" ind1=" " ind2=" ">
    <subfield code="a">9789584506092</subfield>
  </datafield>
  <datafield tag="040" ind1=" " ind2=" ">
    <subfield code="a">CO-ViMGA</subfield>
    <subfield code="b">spa</subfield>
    <subfield code="c">CO-ViMGA</subfield>
  </datafield>
  <datafield tag="041" ind1="1" ind2=" ">
    <subfield code="a">spa </subfield>
    <subfield code="h">ger</subfield>
  </datafield>
  <datafield tag="043" ind1=" " ind2=" ">
    <subfield code="a">e-sz---</subfield>
  </datafield>
  <datafield tag="082" ind1="0" ind2="4">
    <subfield code="a">	C WEGs</subfield>
    <subfield code="b">W34s </subfield>
    <subfield code="2">21 ed.</subfield>
  </datafield>
  <datafield tag="100" ind1="1" ind2=" ">
    <subfield code="a">Wegenast, Bettina.</subfield>
    <subfield code="9">10626</subfield>
  </datafield>
  <datafield tag="245" ind1="1" ind2="0">
    <subfield code="a">Ser el lobo / </subfield>
    <subfield code="c">Bettina Wegenast ; ilustraciones Katharina Bubhoff ; traducci&#xF3;n de Olga Mart&#xED;n.</subfield>
  </datafield>
  <datafield tag="260" ind1="3" ind2=" ">
    <subfield code="a">Bogot&#xE1; : </subfield>
    <subfield code="b">Grupo Editorial Norma, </subfield>
    <subfield code="c">2008.</subfield>
  </datafield>
  <datafield tag="300" ind1=" " ind2=" ">
    <subfield code="a">105 p. : </subfield>
    <subfield code="b">il. ; </subfield>
    <subfield code="c">20 cm.</subfield>
  </datafield>
  <datafield tag="440" ind1=" " ind2="0">
    <subfield code="a">Colecci&#xF3;n torre de papel. Torre roja</subfield>
    <subfield code="9">10627</subfield>
  </datafield>
  <datafield tag="520" ind1="3" ind2=" ">
    <subfield code="a">Este libro trata de que el lobo ha muerto,Las ovejas y los cerdos est&#xE1;n muy contentos y festejan en la pradera, pero pronto surge la pregunta: {Y ahora qui&#xE9;n ser&#xE1; el lobo? La oveja Kale se siente responsable de ocuparse de este asunto, en nombre de todos los animales. Despu&#xE9;s de todo, {qu&#xE9; tan dif&#xED;cil puede ser asustar a sus amigos de vez en cuando? Kale decide entonces presentar una solicitud para este trabajo, vestirse con la piel del lobo y empezar a espantar a toda la regi&#xF3;n.</subfield>
  </datafield>
  <datafield tag="521" ind1=" " ind2=" ">
    <subfield code="a">Para ni&#xF1;os de 7 a&#xF1;os en adelante.</subfield>
  </datafield>
  <datafield tag="534" ind1=" " ind2=" ">
    <subfield code="p">T&#xED;tulo original : </subfield>
    <subfield code="t">Wolf sein.</subfield>
  </datafield>
  <datafield tag="650" ind1="1" ind2="4">
    <subfield code="a">Cuentos infantiles suizos.</subfield>
    <subfield code="9">10628</subfield>
  </datafield>
  <datafield tag="650" ind1="1" ind2="4">
    <subfield code="a">Lobos</subfield>
    <subfield code="v"> Cuentos infantiles.</subfield>
    <subfield code="9">2068</subfield>
  </datafield>
  <datafield tag="650" ind1="1" ind2="4">
    <subfield code="a">Ovejas</subfield>
    <subfield code="v"> Cuentos infantiles.</subfield>
    <subfield code="9">10629</subfield>
  </datafield>
  <datafield tag="700" ind1="1" ind2=" ">
    <subfield code="a">Bubhoff, Katharina, </subfield>
    <subfield code="e">il.</subfield>
    <subfield code="9">10631</subfield>
  </datafield>
  <datafield tag="700" ind1="1" ind2=" ">
    <subfield code="a">Mart&#xED;n, Olga, </subfield>
    <subfield code="e">tr.</subfield>
    <subfield code="9">10630</subfield>
  </datafield>
  <datafield tag="942" ind1=" " ind2=" ">
    <subfield code="2">ddc</subfield>
    <subfield code="c">BK</subfield>
    <subfield code="h">C WEGs</subfield>
  </datafield>
  <datafield tag="949" ind1=" " ind2=" ">
    <subfield code="a">n             </subfield>
    <subfield code="b">n</subfield>
  </datafield>
  <datafield tag="999" ind1=" " ind2=" ">
    <subfield code="c">36806</subfield>
    <subfield code="d">36806</subfield>
  </datafield>
  <datafield tag="952" ind1=" " ind2=" ">
    <subfield code="0">1</subfield>
    <subfield code="1">0</subfield>
    <subfield code="2">ddc</subfield>
    <subfield code="4">4</subfield>
    <subfield code="7">0</subfield>
    <subfield code="8">008</subfield>
    <subfield code="a">MEVIECAR</subfield>
    <subfield code="b">MEVIECAR</subfield>
    <subfield code="d">2017-08-25</subfield>
    <subfield code="l">0</subfield>
    <subfield code="o">C WEGs</subfield>
    <subfield code="p">548200</subfield>
    <subfield code="r">2017-08-25 00:00:00</subfield>
    <subfield code="w">2017-08-25</subfield>
    <subfield code="y">BK</subfield>
  </datafield>
</record>
